german 401-500 - Statistics

General Stats
  • This quiz has been taken 33 times
  • The average score is 51 of 100
Answer Stats
Hint Answer % Correct
Schüler Student
93%
Europäisch European
87%
Meter Meter
87%
Sohn Son
87%
Text Text
87%
Schwarz Black
80%
Funktion Function
80%
Halb Half
80%
Helfen Help
80%
Information Information
80%
Interessieren Interest
80%
Musik Music
80%
Politik Politics
80%
Programm Program
80%
Situation Situation
80%
Sechs Six
80%
Lehrer Teacher
80%
Krieg War
80%
Wohnung Apartment
73%
Kunst Art
73%
Auto Car
73%
Jahrhundert Century
73%
Acht Eight
73%
Fühlen Feel
73%
Spiel Game
73%
Persönlich Personal
73%
Planen Plan
73%
Studieren Study
73%
Gewinnen Win
73%
Angst Fear
67%
Niemand Nobody
67%
Preis Price
67%
Tisch Table
67%
Schließen Close
60%
Zukunft Future
60%
Gott God
60%
Bedeutung Meaning
60%
Stück Piece
60%
Genug Enough
53%
Regierung Government
53%
Bedeuten Mean
53%
Praktisch Practical
53%
Ergebnis Result
53%
Ähnlich Similar
53%
Verbinden Connect
47%
Beschreiben Describe
47%
Richtung Direction
47%
Punkt Dot
47%
Endlich Finally
47%
Boden Ground
47%
Ach Oh
47%
Beziehung Relationship
47%
Erinnern Remind
47%
Nutzen Use
47%
Stimme Voice
47%
Steigen Climb/Increase
40%
Vergleichen Compare
40%
Gespräch Conversation
40%
Schwierig Difficult
40%
Erfahrung Experience
40%
Rahmen Frame
40%
Häufig Frequent
40%
Ausgehen Go Out/Assume
40%
Bieten Offer
40%
Anbieten Offer
40%
Regel Rule
40%
Schritt Step
40%
Plötzlich Suddenly
40%
Ansehen Watch
40%
Annehmen Accept
33%
Danach Afterwards
33%
Ändern Change
33%
Völlig Complete
33%
Wesentlich Essential
33%
Werk Factory
33%
Wachsen Grow
33%
Geschehen Happen
33%
Sofort Immediately
33%
Fehlen Lack
33%
Gering Low
33%
Beruf Occupation
33%
Wahrscheinlich Probably
33%
Bald Soon
33%
Weise Way/Manner
33%
Ebenso As much as
27%
Außerdem Besides
27%
Begriff Concept
27%
Abbildung Illustration
27%
Verlassen Leave
27%
Schauen Look
27%
Inzwischen Meantime
27%
Dagegen On the other hand
27%
Absatz Sales
27%
Manch Some
27%
Einsetzen Insert
20%
Ziemlich Quite
20%
Kriegen Recieve
20%
Jährig Year Old
20%
Her Away From
13%
ergeben To result in
13%
No matching quizzes found
Score Distribution
Percent of People with Each Score
Percentile by Number Answered
Your Score History
You have not taken this quiz